Hunger strike /

Tallennettuna:
Bibliografiset tiedot
Päätekijä: Orbach, Susie, 1946-
Aineistotyyppi: Tuntematon
Kieli:English
Julkaistu: New York : Norton, 1986.
Aiheet:
Tagit: Lisää tagi
Ei tageja, Lisää ensimmäinen tagi!

MARC

LEADER 000000000a22000000004500
001 015385
020 |a 0393022781 
041 0 |a eng 
082 0 4 |a 616.852   |b O64h 
100 1 |a Orbach, Susie,   |d 1946- 
245 1 0 |a Hunger strike /   |c Susie Orbach. 
260 1 |a New York :   |b Norton,   |c 1986. 
300 |a 201 páginas ;   |c 22 cm. 
650 4 |a ANOREXIA NERVIOSA 
500 |a Colección George Yúdice 
999 |c 21239  |d 21239 
942 |c BK  |h 616.852 O64h  |2 z